1663 1752 1077 1082 1604 1827 1674 1955 1247 1677 1260 1047 1606 1436 1560 1591 1455 1499 1502 1090 1375 1011 1051 1781 1370 1130 1391 1227 1809 1409 1139 1591 1344 1126 1672 1952 1133 1096 1929 1483 1333 1930 1791 1722 1820 1968 1132 1554 1648 1321 1897 1366 1235 1214 1339 1463 1310 1397 1548 1700 1249 1328 1225 1857 1563 1193 1451 1489 1022 1851 1400 1033 1705 1812 1549 1622 1178 1179 1833 1277 1214 1855 1030 1352 1047 1414 1515 1158 1878 1474 1481 1224 1046 1062 1439 1274 1811 1319 1473 BCNSPRNW ULIB Ver.6.0+V

เปลี่ยนเป็นภาษาไทย

Change to English
 แสดงรายละเอียดบรรณานุกรม
  กลับหน้าหลัก

Brief Record : Get Marc (ISO 2709) : E-mail record : QR code < ปิดหน้าต่าง
LEADER : 00000nam 2200000uu 4500
001    13399108091
003     ULIB
008    110216s2550||||th 000 0 tha d
020    9741324537
060  4 QU4^b451ช 2550
100 0  ดาวัลย์ ฉิมภู่
245 10 ชีวเคมี /^cกาวัลย์ ฉิมภู่
250    พิมพ์ครั้งที่ 2
260    กรุงเทพฯ :^bสำนักพิมพ์แห่งจุฬาลงกรณ์มหาวิทยาลัย,^c2550
300    534 หน้า :^bภาพประกอบ ;^c30 ซม.
650  7 ชีวเคมี
945    ^p370^l0^i021073
945    ^p370^l0^i021071
945    ^p370^l0^i021072
995    ทศพร
999 ^a ใช้งานได้ทุกระบบ
รายการนี้ยังไม่มีแท็ก
คุณยังไม่ได้ล็อกอิน คุณสามารถมีกิจกรรมร่วมกับเว็บไซต์ได้ แต่ต้องล็อกอินก่อน ::
  ล็อกอิน

รายการสื่อสารสนเทศ

ลำดับที่ ประเภท เลขเรียก/บาร์โค้ด สถานที่ สถานะ
- ไม่พบข้อมูล -

รายการใกล้เคียง
    ผู้แต่ง [ดาวัลย์ ฉิมภู่]

    หัวเรื่อง [ชีวเคมี]

BibComment


ยังไม่เคยถูกคอมเมนท์

คอมเมนท์ทรัพยากรรายการนี้
  คอมเมนท์: ชีวเคมี กาวัลย์ ..


 Copyright 2026. Bcnsprnw @Library